00685 2200229 4500001002100000005001500021035002000036007000300056008003900059020001900098082000800117084001400125100003100139245008700170250001400257260004700271300004000318650003500358650003200393520001100425990001900436INLIS00000000000433820230822105529 a0010-0823000043ta230822 | | |  a978979353567-8 a031 a031 DOR d0 aDorling Kindersley Limited1 aDuniaHewan Vol. 7 Inverbrata :bEnsiklopedia Biologi /cDorling Kindersley Limited aCet. 2,-- aJakarta. :bLentera Abadi Jakarta.,c2016. a612 hlm. :bilus. ;c23 x 30,5 cm. aEditor seni, Ina Stradins. dkk aPenata desain. Amir Reuveni aIndeks a13225/P/B/2016